| 000 | 01708 a2200277 4500 | ||
|---|---|---|---|
| 001 | 24345 | ||
| 005 | 20260407155527.0 | ||
| 008 | 260407a2003 arg spa d | ||
| 003 | AR-UNSa-BCEJYS | ||
| 040 |
_aAR-UNSa-BCEJYS _bspa _cAR-UNSa-BCEJYS |
||
| 080 |
_a658.01 _xMetodología. Teoría y práctica de la organización( teoria de la organización, análisis organizacional...) |
||
| 245 | 1 | 0 |
_aTeoría de la organización _pun enfoque estratégico |
| 020 | _a978-84-205-3894-5 | ||
| 250 | _a6a. ed | ||
| 264 | 1 |
_aMadrid : _bPearson Educación _c2003 |
|
| 300 |
_axvi, 463 p. _c25 cm. |
||
| 505 | _aParte I: Introducción : 1. Teoría de la organización y el directivo - 2. La estructura y el diseño como pilares básicos de la organización de empresas - Parte II: El contexto de las organizaciones: 3. Metas organizativas y eficacia - 4. El entorno global de las organizaciones - 5. Gestión del entorno - 6. Tecnología organizativa - 7. Tamaño organizativo, crecimientos y ciclos de vida - Parte III: Gestión del contexto orgaizativo : 8. Modelos de diseño organizativo estratégico - 9. Control y gobierno organizativo - Parte IV: Procesos organizativos: 10. Cultura organizativa - 11. Información y toma de decisiones organizaativas - 12. Poder y política: las organizaciones como entidades políticas - 13. Innovación, cambio estratégico y aprendizaje organizativo - Parte V: Casos prácticos integradores. | ||
| 942 | _cBK | ||
| 590 | _aniveau_biblio:m niveau_hierar:0 | ||
| 100 | 1 | _aHodge, Billy J. | |
| 700 | 1 | _aAnthony, William P. | |
| 700 | 1 | _aJoyanes Aguilar, Luis | |
| 700 | 1 | _aGales, Lawrence M. | |
| 700 | 1 | _aUreña Joyanes, Raquel | |
| 700 | 1 | _aMorales Jareño, Isabel | |
| 999 |
_c1175 _d1175 |
||